Vista normal
Vista MARC
Entrada Personal Name
Número de registros utilizados en: 1
001 - CONTROL NUMBER
- control field: 6789
003 - CONTROL NUMBER IDENTIFIER
- control field: OSt
005 - DATE AND TIME OF LATEST TRANSACTION
- control field: 20200803102757.0
008 - FIXED-LENGTH DATA ELEMENTS
- fixed length control field: 040615n| acannaabn |a aaa c
010 ## - LIBRARY OF CONGRESS CONTROL NUMBER
- LC control number: 2004057243
035 ## - SYSTEM CONTROL NUMBER
- System control number: (OCoLC)oca06370590
040 ## - CATALOGING SOURCE
- Original cataloging agency: AgViUSA
- Language of cataloging: spa
- Description conventions: rda
- Transcribing agency: Mx-PuUPA
- Modifying agency: Mx-PuUPA
046 ## - SPECIAL CODED DATES
- Birth date: 1886
100 1# - HEADING--PERSONAL NAME
- Personal name: Bianchi Lischetti, Angel,
- Dates associated with a name: 1886
374 ## - OCCUPATION
- Occupation: Autor
375 ## - GENDER
- Gender: hombre
377 ## - ASSOCIATED LANGUAGE
- Language code: spa
- Language code: eng
- Source of code: MARC Code List for Lenguajes
400 1# - SEE FROM TRACING--PERSONAL NAME
- Personal name: Lischetti, Angel Bianchi,
- Dates associated with a name: 1886
670 ## - SOURCE DATA FOUND
- Source citation: Biblioteca del Congreso (Estados Unidos), 09 marzo 2018 :
- Information found: catálogo electrónico
- Uniform Resource Identifier: https://goo.gl/6APf9o
670 ## - SOURCE DATA FOUND
- Source citation: Biología general, 1951:
- Information found: t.p. (Angel Bianchi Lischetti)
670 ## - SOURCE DATA FOUND
- Source citation: Biología general, 1971:
- Information found: portada (Angel Bianchi Lischetti)